000 01164nam a22002057a 4500
999 _c59983
_d59983
003 Ge_BSU
005 20230525165502.0
008 230525s1984 ge ||||| |||| 00| 0 geo d
041 _ageo
080 _a82.05 დ-32
100 _aდემოსთენე
_918242
245 _aფილიპიკები /
_c დემოსთენე ; ძვ. ბერძნ. თარგმნა, წინასიტყვ. და კომენტარები დაურთო გ. სარიშვილმა ; საქ. მწერ. კავშ. არსებ. მხატვრ. თარგმანისა და ლიტ. ურთიერთ. მთ. სარედ. კოლეგია.
264 _aთბილისი :
_bგანათლება,
_c1984.
300 _a141 გვ. ;
_b19 სმ.
504 _aშენიშვნები: გვ. 134-140.
653 _aრიტორიკული ხელოვნება
653 _aთარგმანები ქართულ ენაზე
700 _aსარიშვილი, გ.
_eმთარგმნელი
_917958
942 _2udc
_cBK